[Event "Bulgaria tch 2005 femenino"]
[Site "Sunny Beach BUL"]
[Date "2005.10.02"]
[Round "9.1"]
[White "Zlatanova, Emilia"]
[Black "Andreeva, Plamena"]
[Result "1-0"]
[WhiteElo "2147"]
[BlackElo "2072"]
[PlyCount "84"]
[EventDate "2005.09.26"]
[EventType "tourn"]
[EventRounds "9"]
[EventCountry "BUL"]
[Source "lmi"]
[SourceDate "2005.10.02"]

1. e4 c5 2. g3 Nc6 3. Bg2 g6 4. d3 Bg7 5. Nc3 d6 6. h4 Rb8 7. h5 b5 8. h6 Bf8
9. Nce2 e5 10. c3 g5 11. d4 Bxh6 12. dxc5 dxc5 13. Be3 c4 14. Qxd8+ Nxd8 15.
Bxa7 Ra8 16. Be3 Ne6 17. Nf3 f6 18. Nd2 Bf8 19. f4 gxf4 20. gxf4 Ne7 21. Bf3
Bb7 22. fxe5 fxe5 23. Bh5+ Kd7 24. a3 Kc7 25. Bg4 Ra6 26. O-O-O Ng6 27. Bf5 Nc5
28. Kc2 h5 29. Rdg1 Ne7 30. Bxc5 Nxf5 31. Bxf8 Ne3+ 32. Kc1 Rxf8 33. Rh3 Ng4
34. Rxh5 Nf2 35. Rg7+ Kb8 36. Rhh7 Ba8 37. Ng3 Rd6 38. Nf5 Rd3 39. Rh6 Bxe4 40.
Rb6+ Ka8 41. Nd6 Bh1 42. Nxb5 Rxc3+ 1-0

[Event "Bulgaria tch 2005 femenino"]
[Site "Sunny Beach BUL"]
[Date "2005.10.02"]
[Round "9.1"]
[White "Draganova, Petranka"]
[Black "Tsvetkova, Svetlana"]
[Result "0-1"]
[WhiteElo "2069"]
[BlackElo "1906"]
[PlyCount "80"]
[EventDate "2005.09.26"]
[EventType "tourn"]
[EventRounds "9"]
[EventCountry "BUL"]
[Source "lmi"]
[SourceDate "2005.10.02"]

1. e4 c5 2. Nc3 Nc6 3. Bb5 Nd4 4. Bc4 e6 5. Nge2 g6 6. d3 Bg7 7. Nxd4 cxd4 8.
Nb5 Qb6 9. a4 a6 10. a5 Qc6 11. Na3 b5 12. axb6 Qxb6 13. Bb3 Qc7 14. Bd2 Ne7
15. Nc4 Nc6 16. Ba4 O-O 17. f4 d6 18. O-O f5 19. exf5 Rxf5 20. Bxc6 Qxc6 21.
Qf3 d5 22. Rfc1 Rb8 23. Na5 Qd6 24. Nb3 e5 25. Re1 Bb7 26. Qf2 Rc8 27. Rac1 Rf7
28. Re2 Qb6 29. Qh4 e4 30. Be1 exd3 31. cxd3 Qxb3 32. Rxc8+ Bxc8 33. Re8+ Rf8
34. Qe7 Qxd3 35. Rxc8 Qe3+ 36. Qxe3 dxe3 37. Rxf8+ Kxf8 38. b3 d4 39. Bb4+ Ke8
40. Bc5 Kd7 0-1

[Event "Bulgaria tch 2005 femenino"]
[Site "Sunny Beach BUL"]
[Date "2005.10.02"]
[Round "9.2"]
[White "Petkova, Veneta"]
[Black "Voiska, Margarita"]
[Result "0-1"]
[WhiteElo "1952"]
[BlackElo "2328"]
[PlyCount "48"]
[EventDate "2005.09.26"]
[EventType "tourn"]
[EventRounds "9"]
[EventCountry "BUL"]
[Source "lmi"]
[SourceDate "2005.10.02"]

1. e4 c5 2. Nf3 Nc6 3. d4 cxd4 4. Nxd4 e5 5. Ne2 Nf6 6. Nbc3 Bc5 7. Ng3 d6 8.
Be2 Be6 9. O-O Nd4 10. Bg5 h6 11. Bxf6 Qxf6 12. Nd5 Qd8 13. c3 Nxe2+ 14. Qxe2
Bxd5 15. exd5 O-O 16. Qg4 Kh7 17. Kh1 g6 18. f4 f5 19. Qh3 exf4 20. Rxf4 Qg5
21. Raf1 Rae8 22. Rc4 Qd2 23. b4 Re1 24. Rh4 Bf2 0-1

[Event "Bulgaria tch 2005 femenino"]
[Site "Sunny Beach BUL"]
[Date "2005.10.02"]
[Round "9.2"]
[White "Doncheva, Marinela"]
[Black "Chilingirova, Pavlina"]
[Result "0-1"]
[WhiteElo "2070"]
[BlackElo "2200"]
[PlyCount "100"]
[EventDate "2005.09.26"]
[EventType "tourn"]
[EventRounds "9"]
[EventCountry "BUL"]
[Source "lmi"]
[SourceDate "2005.10.02"]

1. d4 d6 2. c4 e5 3. Nf3 e4 4. Ng5 f5 5. Nh3 Nf6 6. Nc3 c6 7. d5 Be7 8. g3 O-O
9. Bg2 Nbd7 10. b3 Ne5 11. O-O Rb8 12. dxc6 bxc6 13. Be3 Qa5 14. Qd2 Kh8 {
Diagram #} 15. Nxe4 $1 Qxd2 16. Nxd2 c5 17. Nb1 Ne4 18. Bxe4 fxe4 19. Ng5 Ng4
20. Nxe4 Nxe3 21. fxe3 Rxf1+ 22. Kxf1 Bh3+ 23. Ke1 Rf8 24. Nbd2 Bd8 25. Nf3 g5
26. Kd2 Ba5+ 27. Kd3 h6 28. Ned2 Bf5+ 29. e4 Bh7 30. g4 Re8 31. Rf1 Kg7 32. Ra1
Bd8 33. a3 a5 34. b4 axb4 35. axb4 cxb4 36. Ra7+ Re7 37. Rxe7+ Bxe7 38. Kd4 Bg8
39. Nb3 Bf6+ 40. Kd3 Be6 41. h3 h5 42. Nbd4 Bd7 43. Nf5+ Kg6 44. Nxd6 hxg4 45.
hxg4 Bxg4 46. c5 Be6 47. Nd4 $2 (47. e5 $18) 47... Bxd4 48. Kxd4 g4 49. c6 g3
50. Ke3 b3 0-1

[Event "Bulgaria tch 2005 femenino"]
[Site "Sunny Beach BUL"]
[Date "2005.10.02"]
[Round "9.3"]
[White "Shtereva, Slaveja"]
[Black "Ilieva, Hristina"]
[Result "0-1"]
[WhiteElo "2118"]
[BlackElo "2137"]
[PlyCount "56"]
[EventDate "2005.09.26"]
[EventType "tourn"]
[EventRounds "9"]
[EventCountry "BUL"]
[Source "lmi"]
[SourceDate "2005.10.02"]

1. c4 Nf6 2. Nc3 d5 3. cxd5 Nxd5 4. g3 g6 5. Bg2 Nb6 6. Nf3 Bg7 7. O-O O-O 8.
d3 Nc6 9. Be3 e5 10. a4 Nd4 11. a5 Nd7 12. Bxd4 exd4 13. Nb5 Nc5 14. Qc2 Na6
15. Na3 Re8 16. Rfe1 Be6 17. Nd2 Bd5 18. Bxd5 Qxd5 19. Nac4 Re6 20. Nf3 Rae8
21. Qd2 Bf8 22. Qf4 Bg7 23. Qd2 c5 24. Rac1 Nb4 25. Na3 Qh5 26. Nb5 Bh6 27. Qd1
Bxc1 28. Qxc1 {Diagram #} Qxf3 0-1

[Event "Bulgaria tch 2005 femenino"]
[Site "Sunny Beach BUL"]
[Date "2005.10.02"]
[Round "9.3"]
[White "Nikolova, Adriana"]
[Black "Georgieva, Emilia"]
[Result "1-0"]
[WhiteElo "2035"]
[BlackElo "2076"]
[PlyCount "81"]
[EventDate "2005.09.26"]
[EventType "tourn"]
[EventRounds "9"]
[EventCountry "BUL"]
[Source "lmi"]
[SourceDate "2005.10.02"]

1. e4 c6 2. d4 d5 3. Nc3 dxe4 4. Nxe4 Bf5 5. Ng3 Bg6 6. h4 h6 7. Nf3 Nd7 8. h5
Bh7 9. Bd3 Bxd3 10. Qxd3 Ngf6 11. Bd2 e6 12. O-O-O Qc7 13. Ne4 Nxe4 14. Qxe4
Nf6 15. Qe2 Bd6 16. g3 O-O-O 17. c4 c5 18. Bc3 Kb8 19. Kb1 Rhe8 20. Ne5 Re7 21.
f4 Bxe5 22. dxe5 Rxd1+ 23. Rxd1 Ne8 24. g4 Kc8 25. g5 Rd7 26. Rg1 Qd8 27. a4 b6
28. gxh6 gxh6 29. Rg8 Kc7 30. Rh8 Rd1+ 31. Ka2 Qd7 32. b3 Rg1 33. Qf3 Qd8 34.
Rxh6 Qh4 35. Rh7 Qh2+ 36. Bb2 Ng7 37. h6 Rg2 38. Qc3 Rc2 39. hxg7 Qxh7 40. Qxc2
Qxg7 41. Qd3 1-0

[Event "Bulgaria tch 2005 femenino"]
[Site "Sunny Beach BUL"]
[Date "2005.10.02"]
[Round "9.4"]
[White "Boneva, Zvezdelina"]
[Black "Genova, Liubka"]
[Result "0-1"]
[WhiteElo "2010"]
[BlackElo "2235"]
[PlyCount "84"]
[EventDate "2005.09.26"]
[EventType "tourn"]
[EventRounds "9"]
[EventCountry "BUL"]
[Source "lmi"]
[SourceDate "2005.10.02"]

1. e4 c5 2. Nf3 e6 3. c3 Nf6 4. e5 Nd5 5. d4 cxd4 6. cxd4 d6 7. Bc4 Nc6 8. O-O
Be7 9. Qe2 O-O 10. Qe4 a6 11. Bd3 f5 12. exf6 Nxf6 13. Qe2 Qc7 14. Nc3 d5 15.
h3 Bd7 16. Be3 Rae8 17. Rac1 Bd6 18. Rfe1 Qb8 19. Bb1 Ne7 20. Bg5 Bf4 21. Bxf4
Qxf4 22. Ne5 Bc8 23. Qe3 Nh5 24. Na4 Nf5 25. Bxf5 exf5 26. Nb6 Re6 27. Ned7
Bxd7 28. Qxf4 Nxf4 29. Nxd7 Ne2+ 30. Rxe2 Rxe2 31. Nxf8 Kxf8 32. Rc5 Rxb2 33.
Rxd5 Rxa2 34. Rxf5+ Ke7 35. f4 b5 36. Rc5 Kd6 37. Kh2 b4 38. Rc8 b3 39. Rb8 b2
40. Kg3 a5 41. f5 a4 42. Rb7 a3 0-1

[Event "Bulgaria tch 2005 femenino"]
[Site "Sunny Beach BUL"]
[Date "2005.10.02"]
[Round "9.4"]
[White "Videnova, Iva"]
[Black "Nedelcheva, Vania"]
[Result "1-0"]
[WhiteElo "2050"]
[BlackElo "1705"]
[PlyCount "43"]
[EventDate "2005.09.26"]
[EventType "tourn"]
[EventRounds "9"]
[EventCountry "BUL"]
[Source "lmi"]
[SourceDate "2005.10.02"]

1. g3 g6 2. Bg2 Bg7 3. c4 c5 4. Nc3 Nc6 5. d3 d6 6. e4 e5 7. Nge2 Nge7 8. O-O
O-O 9. Rb1 b6 10. a3 a5 11. f4 f5 12. exf5 Rxf5 13. Nd5 Rb8 14. Nec3 Bb7 15.
fxe5 Rxf1+ 16. Qxf1 Nxe5 17. Bg5 Bxd5 18. Nxd5 N5c6 19. Re1 Be5 {Diagram #} 20.
Rxe5 $3 dxe5 21. Nxe7+ Nxe7 22. Bd5+ 1-0